000 00504nmm a2200169Ia 4500
008 251105s9999||||xx |||||||||||||||||und||
020 _a9788475228723
041 _aspa
100 _aFernández Prieto, Celia
245 0 _aAutobiografía en España: un balance
264 _a[Madrid, España] :
_bVisor Libros,
_c2004
300 _a667 páginas
490 _aBiblioteca Filológica Hispana
650 _aSpanish literature
856 _uhttps://public.digitaliapublishing.com/a/24123
942 _cCF
999 _c85043
_d85043